[Event "Titled Tuesday 23rd Mar"]
[Site "chess.com INT"]
[Date "2021.03.23"]
[Round "9"]
[White "Greet, A."]
[Black "Christensen, Thom2"]
[Result "1-0"]
[WhiteElo "2417"]
[BlackElo "2154"]
[PlyCount "161"]
[EventDate "2021.03.23"]
[SourceTitle "The Week in Chess 1377"]
[Source "Mark Crowther"]
[SourceDate "2021.03.29"]
[SourceVersion "1"]
[SourceVersionDate "2021.03.29"]
[SourceQuality "2"]

1. e4 e5 2. Nf3 d5 3. exd5 e4 4. Qe2 Nf6 5. d3 Qxd5 6. Nbd2 Be7 7. dxe4 Qh5 8.
Qb5+ Qxb5 9. Bxb5+ c6 10. Bd3 Bg4 11. Ne5 Bh5 12. f3 Nbd7 13. Nxd7 Nxd7 14. Nb3
O-O-O 15. Be3 b6 16. a4 Kb7 17. Kf2 Ne5 18. Be2 c5 19. a5 c4 20. Nd4 Bc5 21.
Rhd1 Rd7 22. axb6 axb6 23. Nf5 Bxe3+ 24. Kxe3 Rg8 25. Rxd7+ Nxd7 26. g4 Bg6 27.
Nd6+ Kc6 28. Nxc4 f6 29. Rd1 Bf7 30. Nd6 Bg6 31. Bb5+ Kc7 32. Bxd7 Kxd7 33.
Nf5+ Kc7 34. Ne7 Ra8 35. Rd3 Ra2 36. Rc3+ Kd7 37. Nf5 Bxf5 38. gxf5 Rxb2 39.
Kd3 Rb1 40. Rb3 Rh1 41. Rxb6 Kc7 42. Ra6 Kb8 43. Re6 Rxh2 44. Re7 Rg2 45. c4 h5
46. Re8+ Kc7 47. Rh8 Rf2 48. Ke3 Rc2 49. Rxh5 Rxc4 50. Rh7 Kd6 51. Rxg7 Rc3+
52. Kf4 Rc1 53. Rf7 Rc3 54. Rxf6+ Ke7 55. Re6+ Kf7 56. Ra6 Rc1 57. e5 Rc7 58.
Kg5 Kg7 59. f6+ Kf7 60. e6+ Kg8 61. Ra8+ Kh7 62. Kf4 Rc6 63. f7 Rxe6 64. f8=Q
Rf6+ 65. Ke3 Rxf8 66. Rxf8 Kg7 67. Rf4 Kg6 68. Ke4 Kg7 69. Rg4+ Kf6 70. Rg3 Ke7
71. Rg6 Kf7 72. Kf5 Ke7 73. Re6+ Kf7 74. Ke5 Kg7 75. f4 Kf7 76. f5 Kg7 77. Kf4
Kf8 78. Kg5 Kf7 79. Re5 Kg7 80. Re7+ Kf8 81. f6 1-0

[Event "Titled Tuesday 23rd Mar"]
[Site "chess.com INT"]
[Date "2021.03.23"]
[Round "6"]
[White "Balabayeva, Xeniya"]
[Black "Vestby-Ellingsen, Mads"]
[Result "0-1"]
[WhiteElo "2156"]
[BlackElo "2340"]
[PlyCount "104"]
[EventDate "2021.03.23"]
[SourceTitle "The Week in Chess 1377"]
[Source "Mark Crowther"]
[SourceDate "2021.03.29"]
[SourceVersion "1"]
[SourceVersionDate "2021.03.29"]
[SourceQuality "2"]

1. e4 e5 2. Nf3 d5 3. exd5 e4 4. Qe2 Nf6 5. d3 Be7 6. dxe4 O-O 7. Nc3 Re8 8.
Bd2 Bb4 9. O-O-O Bxc3 10. Bxc3 Nxe4 11. Qe3 Bf5 12. Qd4 Nxc3 13. Qxc3 Nd7 14.
Bd3 Bg4 15. Bc4 a6 16. Bb3 Nf6 17. h3 Bh5 18. g4 Bg6 19. Ne5 Ne4 20. Qd4 Qg5+
21. Kb1 Qxe5 22. Qxe5 Rxe5 23. f4 Re7 24. f5 Nf2 25. Rde1 Rae8 26. Rxe7 Rxe7
27. Rf1 Bxf5 28. gxf5 Nxh3 29. c4 b6 30. Bc2 Ng5 31. Kc1 Re5 32. b4 Kf8 33. Rd1
Ke7 34. c5 bxc5 35. bxc5 Kd8 36. Kb2 h5 37. Ba4 Rxf5 38. Bc6 Re5 39. Kc3 h4 40.
Rb1 h3 41. Kd4 Re4+ 42. Kd3 a5 43. d6 cxd6 44. cxd6 Rb4 45. Re1 Ne6 46. Rf1
Rd4+ 47. Kc3 Rxd6 48. Bb5 f6 49. Bc4 Ke7 50. Rh1 Ng5 51. Re1+ Kd7 52. Rg1 Rb6
0-1

[Event "Titled Tuesday 23rd Mar"]
[Site "chess.com INT"]
[Date "2021.03.23"]
[Round "2"]
[White "Kobalia, M.."]
[Black "Greet, A.."]
[Result "0-1"]
[WhiteElo "2587"]
[BlackElo "2417"]
[PlyCount "88"]
[EventDate "2021.03.23"]

1. e4 e5 2. Nf3 d5 3. d4 dxe4 4. Nxe5 Bd6 5. Nc3 Bxe5 6. dxe5 Qxd1+ 7. Nxd1 Nc6
8. Bf4 Nge7 9. Nc3 Bf5 10. e6 fxe6 11. Bxc7 Rc8 12. Bg3 Nd5 13. Nxd5 exd5 14.
c3 d4 15. Bc4 dxc3 16. bxc3 Nd4 17. cxd4 Rxc4 18. d5 Kd7 19. O-O Rhc8 20. a4 b6
21. h3 R8c5 22. Rfd1 e3 23. fxe3 Be4 24. Rd4 Rxd4 25. exd4 Rc2 26. Bf2 Bxd5 27.
h4 Ra2 28. Rxa2 Bxa2 29. Be1 a5 30. Bf2 Kc6 31. Kf1 Bb3 32. Ke1 Bxa4 33. d5+
Kb7 34. Kd2 b5 35. Kc3 Bd1 36. d6 Bg4 37. Bd4 g6 38. Be5 Kc6 39. Kd4 b4 40. Kd3
Kb5 41. Bf4 a4 42. Kd4 a3 43. Bc1 Ka4 44. Kd3 b3 0-1

[Event "Titled Tuesday 23rd Mar"]
[Site "chess.com INT"]
[Date "2021.03.23"]
[Round "1"]
[White "Kruckenhauser, Arthur"]
[Black "Skatchkov, Valery"]
[Result "1/2-1/2"]
[WhiteElo "2283"]
[BlackElo "2283"]
[PlyCount "148"]
[EventDate "2021.03.23"]
[SourceTitle "The Week in Chess 1377"]
[Source "Mark Crowther"]
[SourceDate "2021.03.29"]
[SourceVersion "1"]
[SourceVersionDate "2021.03.29"]
[SourceQuality "2"]

1. e4 e5 2. Nf3 d5 3. exd5 e4 4. Qe2 Nf6 5. Nc3 Be7 6. Nxe4 Nxd5 7. d4 O-O 8.
Qd1 Bf5 9. Ng3 Bg6 10. c3 c5 11. Be2 Nc6 12. dxc5 Bxc5 13. O-O Re8 14. Bc4 Nb6
15. Qxd8 Raxd8 16. Bb3 Na5 17. Bf4 Nxb3 18. axb3 Nd5 19. Be5 f6 20. Bd4 Bxd4
21. Nxd4 a6 22. Rfe1 Nb6 23. Rxe8+ Bxe8 24. Re1 Bf7 25. Re7 Re8 26. Rxe8+ Bxe8
27. f3 Nc8 28. Ne4 Kf8 29. Ne6+ Kf7 30. Nd8+ Ke7 31. Nxb7 Bc6 32. Nbc5 Nb6 33.
Nxa6 f5 34. Nd2 Kd6 35. Kf2 Bb5 36. Nb4 Kc5 37. Nc2 g5 38. b4+ Kd6 39. Nd4 Bd7
40. c4 Na4 41. b3 Nc3 42. g3 Na2 43. Nc2 f4 44. Ke2 Bf5 45. Nd4 Bg6 46. gxf4
gxf4 47. c5+ Kd5 48. Nb5 Nxb4 49. Nc3+ Kxc5 50. Nc4 Kd4 51. Nb5+ Kc5 52. Nbd6
Nd3 53. Kd2 Kd4 54. Nb5+ Kc5 55. Nbd6 Kb4 56. Ke2 Kxb3 57. Nb6 Kc3 58. Nd7 Kd4
59. Nf8 Bh5 60. Nb5+ Kc4 61. Nd6+ Kd4 62. Nb5+ Kc5 63. Kxd3 Bxf3 64. Nxh7 Kxb5
65. Ng5 Bd5 66. h4 Kc5 67. Ke2 Kd6 68. Kf2 Ke5 69. Nh3 Kf5 70. Nxf4 Kxf4 71. h5
Bg8 72. h6 Bh7 73. Kg2 Kg5 74. Kg1 Kxh6 1/2-1/2

[Event "Rated Blitz game"]
[Site "?"]
[Date "2021.03.23"]
[Round "?"]
[White "BUNKADIOGO"]
[Black "TheMonsterNotTheNM"]
[Result "1-0"]
[WhiteElo "2449"]
[BlackElo "2343"]
[PlyCount "51"]
[EventDate "2021.??.??"]
[EventType "blitz"]

1. e4 e5 2. Nf3 d5 3. exd5 e4 4. Nd4 c6 5. Nc3 c5 6. Bb5+ Bd7 7. Bxd7+ Nxd7 8.
Nb3 Ngf6 9. O-O c4 10. Nd4 Nc5 11. Qe2 Be7 12. Qxc4 O-O 13. Nf5 Rc8 14. Qd4 Re8
15. b3 Bf8 16. Bb2 g6 17. Ne2 Ncd7 18. Nfg3 Bc5 19. Qa4 Nxd5 20. Nxe4 Bb6 21.
N2c3 Nf4 22. Qxd7 Qh4 23. Nd5 Ne2+ 24. Kh1 Qxe4 25. Nf6+ Kf8 26. Nxe4 {Normal}
1-0

[Event "Rated Blitz game"]
[Site "?"]
[Date "2021.03.23"]
[Round "?"]
[White "Majasystem"]
[Black "CzechProphylaxis"]
[Result "1-0"]
[WhiteElo "2431"]
[BlackElo "2347"]
[PlyCount "41"]
[EventDate "2021.??.??"]
[EventType "blitz"]

1. e4 e5 2. Nf3 d5 3. d3 dxe4 4. Nxe5 Bd6 5. Nc4 Nf6 6. Nc3 Bb4 7. Bd2 exd3 8.
Bxd3 O-O 9. O-O Bg4 10. f3 Be6 11. a3 Bc5+ 12. Kh1 Nc6 13. b4 Bd4 14. Rb1 h6
15. Qe1 Re8 16. Qh4 Ne7 17. g4 Ng6 18. Qg3 Be5 19. Nxe5 Nxe5 20. Qxe5 Bxg4 21.
Qg3 {Normal} 1-0

[Event "Rated Blitz game"]
[Site "?"]
[Date "2021.03.23"]
[Round "?"]
[White "zumpili"]
[Black "Schachelite"]
[Result "0-1"]
[WhiteElo "2370"]
[BlackElo "2436"]
[PlyCount "126"]
[EventDate "2021.??.??"]
[EventType "blitz"]

1. e4 e5 2. Nf3 d5 3. d4 dxe4 4. Nxe5 Bd6 5. Nc4 Nf6 6. Bg5 O-O 7. Be2 Nc6 8.
Ne3 h6 9. Bh4 a6 10. c3 Be7 11. Nd2 Re8 12. Qc2 Nd5 13. Bg3 Bg5 14. Nxd5 Qxd5
15. Nc4 e3 16. Nxe3 Bxe3 17. fxe3 Bf5 18. Qd2 Qxg2 19. O-O-O Qe4 20. Bd3 Qxd3
21. Qxd3 Bxd3 22. Rxd3 Re4 23. Bxc7 Rae8 24. Kd2 f5 25. h4 g6 26. d5 Ne5 27.
Bxe5 R4xe5 28. Rf1 Kg7 29. Rf4 Kf6 30. Rb4 R8e7 31. Rb6+ Kg7 32. c4 Re4 33. d6
Rd7 34. c5 Rxh4 35. b4 Rh2+ 36. Kc3 Rxa2 37. Kc4 h5 38. Kd5 Kf6 39. e4 fxe4 40.
Kxe4 Re2+ 41. Kd5 Re5+ 42. Kd4 h4 43. Rf3+ Rf5 44. Rxf5+ Kxf5 45. b5 axb5 46.
Rxb5 Ke6 47. Rb3 g5 48. Re3+ Kf6 49. Kd5 g4 50. c6 bxc6+ 51. Kxc6 Rd8 52. d7
Kf5 53. Kc7 Rxd7+ 54. Kxd7 h3 55. Kd6 h2 56. Re1 g3 57. Kd5 Kf4 58. Re2 Kf3 59.
Rc2 h1=Q 60. Kd4 Qd1+ 61. Kc3 Qxc2+ 62. Kxc2 g2 63. Kc3 g1=Q {Time forfeit} 0-1

[Event "Rated Blitz tournament jfhYvxuB"]
[Site "?"]
[Date "2021.03.23"]
[Round "?"]
[White "PabloAlcobaa"]
[Black "cuerosky"]
[Result "1-0"]
[WhiteElo "2443"]
[BlackElo "2270"]
[PlyCount "93"]
[EventDate "2021.??.??"]
[EventType "blitz"]

1. e4 e5 2. Nf3 d5 3. Nxe5 Bd6 4. d4 dxe4 5. Nc4 Nf6 6. Be3 O-O 7. Be2 Bf5 8.
Nxd6 Qxd6 9. c4 c6 10. Nc3 Nbd7 11. Qb3 b6 12. h3 Bg6 13. Rd1 Rae8 14. O-O h5
15. Rfe1 h4 16. Bf1 Nh5 17. c5 Qf6 18. cxb6 Nxb6 19. d5 Nxd5 20. Nxd5 cxd5 21.
Rxd5 Rb8 22. Qc3 Qe6 23. Bc4 Rfc8 24. Rd8+ Rxd8 25. Bxe6 fxe6 26. Qe5 Bf5 27.
Bg5 Rdc8 28. Bxh4 Bg6 29. g4 Nf6 30. Bxf6 gxf6 31. Qxf6 Kh7 32. Rd1 Rb7 33. h4
Rf7 34. Qg5 e3 35. Qxe3 Rc4 36. Rd4 Rc6 37. h5 Bb1 38. g5 Rg7 39. g6+ Bxg6 40.
hxg6+ Rxg6+ 41. Kf1 Rc2 42. Rh4+ Kg8 43. Rg4 Rxg4 44. Qxe6+ Kf8 45. Qxg4 Rc1+
46. Ke2 Rc7 47. Qf4+ {Normal} 1-0

[Event "Rated Blitz game"]
[Site "?"]
[Date "2021.03.23"]
[Round "?"]
[White "onatog"]
[Black "Schachelite"]
[Result "1-0"]
[WhiteElo "2422"]
[BlackElo "2444"]
[PlyCount "99"]
[EventDate "2021.??.??"]
[EventType "blitz"]

1. e4 e5 2. Nf3 d5 3. d4 dxe4 4. Nxe5 Bd6 5. Bf4 Nf6 6. Nc3 O-O 7. Bc4 Nbd7 8.
O-O Qe7 9. Nxd7 Bxd7 10. Bg3 Bxg3 11. hxg3 e3 12. Qd3 exf2+ 13. Rxf2 c6 14.
Raf1 Ng4 15. Rxf7 Rxf7 16. Rxf7 Qxf7 17. Bxf7+ Kxf7 18. Qxh7 Nf6 19. Qd3 Re8
20. Ne2 Ng4 21. Kf1 g6 22. Qb3+ Kg7 23. Qxb7 Re7 24. Qxa7 Rf7+ 25. Ke1 Bf5 26.
Qc5 Bxc2 27. Qxc2 Rf1+ 28. Kxf1 Ne3+ 29. Kf2 Nxc2 30. a4 Kf6 31. a5 Nb4 32. Ke3
Kf5 33. Nf4 g5 34. Nd3 Nd5+ 35. Kf3 g4+ 36. Ke2 Ke4 37. Ne5 c5 38. Nxg4 cxd4
39. Nf2+ Ke5 40. a6 Nc7 41. a7 Kd5 42. Kd3 Kc5 43. Ne4+ Kb6 44. Kxd4 Kxa7 45.
Ke5 Kb6 46. Nf6 Kc6 47. g4 Na6 48. g5 Nc5 49. g6 Nd3+ 50. Kf5 {Normal} 1-0

[Event "Rated Blitz game"]
[Site "?"]
[Date "2021.03.23"]
[Round "?"]
[White "Filip88"]
[Black "Erow"]
[Result "0-1"]
[WhiteElo "2626"]
[BlackElo "2710"]
[PlyCount "108"]
[EventDate "2021.??.??"]
[EventType "blitz"]

1. e4 e5 2. Nf3 d5 3. Nxe5 Bd6 4. d4 dxe4 5. Bc4 Bxe5 6. dxe5 Qxd1+ 7. Kxd1 Nc6
8. Bf4 Nge7 9. Re1 Bf5 10. Nd2 Rd8 11. Kc1 Ng6 12. Bg5 Rd7 13. Nxe4 Ngxe5 14.
f4 Rd4 15. Ng3 Rxc4 16. Nxf5 f6 17. b3 fxg5 18. bxc4 gxf4 19. Nd4 O-O 20. Nxc6
Nxc6 21. Kb2 h6 22. Re4 f3 23. gxf3 Rxf3 24. Rg1 Rf7 25. h4 Kh7 26. h5 a5 27.
Rd1 b6 28. a3 a4 29. Rd5 Na5 30. c5 Nb7 31. cxb6 cxb6 32. Re6 Nc5 33. Rxb6 Ne4
34. Rd8 Nf6 35. Ra6 Nxh5 36. Rxa4 Nf6 37. Rb4 h5 38. a4 g5 39. a5 h4 40. a6 h3
41. Rb7 Kg7 42. Rxf7+ Kxf7 43. a7 g4 44. a8=Q Kg6 45. Rg8+ Kf5 46. Rxg4 Nxg4
47. Qh1 Kg5 48. Qxh3 Nf6 49. Qg4+ Kxg4 50. Kb3 Kf5 51. Kb4 Ke6 52. Kb5 Kd7 53.
c4 Kc8 54. Kc5 Ne8 {Time forfeit} 0-1

[Event "Rated Blitz game"]
[Site "?"]
[Date "2021.03.23"]
[Round "?"]
[White "Oghart"]
[Black "Melladov"]
[Result "1/2-1/2"]
[WhiteElo "2628"]
[BlackElo "2613"]
[PlyCount "115"]
[EventDate "2021.??.??"]
[EventType "blitz"]

1. e4 e5 2. Nf3 d5 3. Nxe5 Bd6 4. d4 dxe4 5. Nc4 Nf6 6. Nc3 O-O 7. Bg5 Re8 8.
Nxd6 Qxd6 9. Qd2 Nc6 10. O-O-O Bg4 11. Be2 Bxe2 12. Nxe2 Nd5 13. a3 b5 14. h4
a5 15. h5 a4 16. c3 Na5 17. Kb1 Nc4 18. Qc2 Reb8 19. Ng3 Nxa3+ 20. bxa3 Qxa3
21. Qb2 Nxc3+ 22. Kc2 Qxb2+ 23. Kxb2 Nxd1+ 24. Rxd1 Re8 25. d5 b4 26. Bf4 b3
27. Bxc7 e3 28. fxe3 Rxe3 29. Ka3 Rc3 30. d6 Rc2 31. d7 Ra2+ 32. Kb4 h6 33.
d8=Q+ Rxd8 34. Bxd8 b2 35. Rb1 a3 36. Kb3 Ra1 37. Kc2 a2 38. Rxb2 Rg1 39. Rxa2
Rxg2+ 40. Kb1 Rxg3 41. Rh2 Kh7 42. Bc7 Rg5 43. Bf4 Rf5 44. Bd2 g6 45. hxg6+
fxg6 46. Rxh6+ Kg7 47. Rh2 g5 48. Kc2 Kg6 49. Kd3 Rb5 50. Be3 Rb3+ 51. Ke4 Rb4+
52. Bd4 Ra4 53. Rh8 Rb4 54. Rg8+ Kh5 55. Kf5 Kh4 56. Be5 Kh3 57. Rxg5 Rg4 58.
Rxg4 {Normal} 1/2-1/2

[Event "Rated Blitz game"]
[Site "?"]
[Date "2021.03.23"]
[Round "?"]
[White "bingo95"]
[Black "KamranShirazi"]
[Result "1-0"]
[WhiteElo "2502"]
[BlackElo "2492"]
[PlyCount "133"]
[EventDate "2021.??.??"]
[EventType "blitz"]

1. e4 e5 2. Nf3 d5 3. exd5 e4 4. Qe2 Nf6 5. d3 Qxd5 6. Nfd2 Bb4 7. c3 Be7 8.
dxe4 Qe5 9. f3 O-O 10. Nc4 Qe6 11. Bf4 Na6 12. Nbd2 b5 13. Ne3 c6 14. Nf5 Bc5
15. Be3 Re8 16. Nd4 Qd7 17. N2b3 Bb6 18. O-O-O Qc7 19. g4 Bxg4 20. fxg4 Nxe4
21. Qf3 b4 22. c4 Nac5 23. Bg2 Nxb3+ 24. axb3 Nc5 25. Bf4 Qe7 26. Qxc6 Rac8 27.
Qf3 Nxb3+ 28. Nxb3 Rxc4+ 29. Kb1 Qf6 30. Bc1 Qg6+ 31. Qf5 Rxg4 32. Qxg6 hxg6
33. Bd5 Re5 34. Rhf1 Rf5 35. Rxf5 gxf5 36. Rf1 g6 37. Bf4 Kg7 38. Be5+ f6 39.
Bd6 Rh4 40. Re1 f4 41. Re7+ Kh6 42. Rf7 g5 43. Rxf6+ Kh5 44. Bf3+ g4 45. Rf5+
Kg6 46. Be4 Rxh2 47. Rxf4+ Kg5 48. Rf5+ Kh4 49. Bxh2 g3 50. Bxg3+ Kxg3 51. Rb5
Kf4 52. Rxb4 Ke3 53. Ra4 Bd8 54. Bc2 Ke2 55. Nc1+ Kd2 56. Nd3 Ke3 57. Nb4 Be7
58. Nc6 Bc5 59. Nxa7 Bb6 60. Nb5 Bc5 61. Rb4 Bb6 62. Rb3+ Ke2 63. Nc3+ Ke1 64.
Na4 Bd4 65. Nb6 Bc5 66. Nc4 Be3 67. Nxe3 {Time forfeit} 1-0

[Event "Rated Blitz game"]
[Site "?"]
[Date "2021.03.23"]
[Round "?"]
[White "Ianniello"]
[Black "KamranShirazi"]
[Result "1-0"]
[WhiteElo "2325"]
[BlackElo "2481"]
[PlyCount "159"]
[EventDate "2021.??.??"]
[EventType "blitz"]

1. e4 e5 2. Nf3 d5 3. d3 dxe4 4. dxe4 Qxd1+ 5. Kxd1 Nc6 6. c3 Bg4 7. Kc2 O-O-O
8. Bd3 f6 9. Be3 Nh6 10. Nbd2 Nf7 11. Rad1 Be6 12. b3 Ba3 13. Bc4 Bxc4 14. Nxc4
Ne7 15. Nxa3 b6 16. Nc4 Kb7 17. Rxd8 Nxd8 18. Rd1 Ne6 19. b4 a5 20. a3 Ra8 21.
Kb3 Nc6 22. b5 a4+ 23. Kc2 Na7 24. Rb1 Rd8 25. Nfd2 g6 26. f3 f5 27. Rb4 f4 28.
Bf2 Re8 29. Nxe5 Nc5 30. Nd3 Nd7 31. Bd4 g5 32. c4 c5 33. bxc6+ Nxc6 34. Bc3
Nxb4+ 35. axb4 b5 36. c5 g4 37. Nxf4 gxf3 38. gxf3 Rf8 39. Ne6 Rg8 40. Nf4 Rg1
41. e5 Nb8 42. e6 Nc6 43. Nd5 Kc8 44. Bf6 Re1 45. Ne4 Re2+ 46. Kd3 Rxh2 47.
Nd6+ Kb8 48. e7 Nxe7 49. Bxe7 a3 50. Nxb5 a2 51. Bd6+ Ka8 52. Nb6+ Kb7 53. Be5
Rh5 54. Nd6+ Kc6 55. Bc3 Rh3 56. Ke3 Rh1 57. Nbc4 a1=Q 58. Bxa1 Rxa1 59. Ne5+
Kc7 60. b5 Rc1 61. b6+ Kd8 62. c6 h5 63. c7+ Rxc7 64. bxc7+ Kxc7 65. Ne4 h4 66.
Nf2 Kd6 67. Ng6 Ke6 68. Nxh4 Kf6 69. f4 Kg7 70. Ke4 Kh6 71. f5 Kg5 72. Ke5 Kxh4
73. f6 Kg5 74. f7 Kg6 75. f8=Q Kh7 76. Qf4 Kg6 77. Ke6 Kh5 78. Qg3 Kh6 79. Kf6
Kh5 80. Qg5# {Normal} 1-0

[Event "Rated Blitz game"]
[Site "?"]
[Date "2021.03.23"]
[Round "?"]
[White "ljdr"]
[Black "KamranShirazi"]
[Result "1/2-1/2"]
[WhiteElo "2490"]
[BlackElo "2462"]
[PlyCount "95"]
[EventDate "2021.??.??"]
[EventType "blitz"]

1. e4 e5 2. Nf3 d5 3. exd5 e4 4. Qe2 Nf6 5. d3 Qxd5 6. Nbd2 Bb4 7. c3 Be7 8.
dxe4 Qe6 9. Qc4 Qg4 10. h3 Qh5 11. Qxc7 Nc6 12. Be2 O-O 13. Nd4 Bd8 14. Qxd8
Rxd8 15. Bxh5 Nxh5 16. Nxc6 bxc6 17. O-O Ba6 18. Re1 Nf4 19. Nb3 Nd3 20. Re3
Rab8 21. Nd4 Ne5 22. Rg3 c5 23. Bf4 Ng6 24. Bxb8 Rxb8 25. Nb3 c4 26. Nc5 Bc8
27. Rd1 Be6 28. b4 cxb3 29. axb3 Nf4 30. Kf1 Bxb3 31. Nxb3 g6 32. Nd4 Rb2 33.
Rf3 g5 34. Nf5 h5 35. h4 f6 36. Rxf4 gxf4 37. Rd8+ Kf7 38. Rd7+ Kf8 39. Rxa7
Rc2 40. Rc7 Ke8 41. c4 Kd8 42. Rc5 Kd7 43. f3 Ke6 44. Kg1 Kf7 45. Kh2 Kg6 46.
Rc7 Rxg2+ 47. Kh3 Rh2+ 48. Kxh2 {Normal} 1/2-1/2

[Event "Rated Blitz tournament EZca6zY3"]
[Site "?"]
[Date "2021.03.23"]
[Round "?"]
[White "nemesisaj"]
[Black "khalid_ontawar"]
[Result "1-0"]
[WhiteElo "2420"]
[BlackElo "2285"]
[PlyCount "85"]
[EventDate "2021.??.??"]
[EventType "blitz"]

1. e4 e5 2. Nf3 d5 3. Nxe5 Qe7 4. d4 f6 5. Qh5+ g6 6. Nxg6 Qxe4+ 7. Be2 Qxg6 8.
Qxd5 h5 9. O-O Bd6 10. Re1 Ne7 11. Bf3 Nbc6 12. Qc4 Bd7 13. Nc3 O-O-O 14. Nb5
Bg4 15. Be4 Bf5 16. Nxd6+ Rxd6 17. d5 Bxe4 18. Rxe4 Rxd5 19. Bf4 Rd7 20. Rae1
Rg8 21. g3 Ne5 22. Bxe5 fxe5 23. Rxe5 Nc6 24. Re6 Qg7 25. Rxc6 bxc6 26. Qxc6
Rd6 27. Qa8+ Kd7 28. Qxa7 Qd4 29. Qb7 h4 30. Qb5+ Kc8 31. c3 Qd5 32. Qf1 hxg3
33. fxg3 Rgd8 34. Qh3+ Kb8 35. Qg4 Qc6 36. a4 Rd2 37. Qh3 Qb6+ 38. Kh1 Rf8 39.
Rf1 Qb7+ 40. Kg1 Rxf1+ 41. Qxf1 Qd5 42. Qf8+ Ka7 43. Qb8+ {Time forfeit} 1-0

[Event "Rated Blitz game"]
[Site "?"]
[Date "2021.03.23"]
[Round "?"]
[White "ExploringChess"]
[Black "TheMonsterNotTheNM"]
[Result "0-1"]
[WhiteElo "2460"]
[BlackElo "2341"]
[PlyCount "52"]
[EventDate "2021.??.??"]
[EventType "blitz"]

1. e4 e5 2. Nf3 d5 3. d3 dxe4 4. dxe4 Qxd1+ 5. Kxd1 Nc6 6. c3 f5 7. exf5 Bxf5
8. Be3 O-O-O+ 9. Ke1 Nf6 10. Nbd2 Ng4 11. Nc4 b5 12. Ncd2 Nxe3 13. fxe3 b4 14.
Ba6+ Kb8 15. Ke2 Bd6 16. Nh4 Bg4+ 17. Ke1 e4 18. Nc4 Ne5 19. Nxe5 Bxe5 20. Be2
Be6 21. g3 bxc3 22. bxc3 Bxc3+ 23. Kf2 Rhf8+ 24. Kg2 Rd2 25. Rae1 Rxa2 26. Rb1+
Kc8 {Time forfeit} 0-1

[Event "Rated Blitz game"]
[Site "?"]
[Date "2021.03.23"]
[Round "?"]
[White "Raskolnikov0602"]
[Black "GrandeGila"]
[Result "0-1"]
[WhiteElo "2411"]
[BlackElo "2386"]
[PlyCount "65"]
[EventDate "2021.??.??"]
[EventType "blitz"]

1. e4 e5 2. Nf3 d5 3. Nxe5 Bd6 4. d4 dxe4 5. Nc4 Nc6 6. Nxd6+ Qxd6 7. c3 Nge7
8. Nd2 Qg6 9. Qe2 O-O 10. Qxe4 Bf5 11. Qf3 Rfe8 12. Nc4 Nxd4 13. cxd4 Nc6+ 14.
Be3 Nxd4 15. Qg3 Nc2+ 16. Kd2 Nxa1 17. Qxg6 Bxg6 18. Na3 Rad8+ 19. Kc1 Re6 20.
b3 Rc6+ 21. Kb2 Rd1 22. g3 Nc2 23. Bg2 Nxe3 24. Bxc6 bxc6 25. Rxd1 Nxd1+ 26.
Kc1 Nxf2 27. Nc4 Ng4 28. h3 Nf2 29. h4 h5 30. Ne5 Be4 31. Kd2 Ng4 32. Nd7 Nf6
33. Ke3 {Normal} 0-1

[Event "Rated Blitz game"]
[Site "?"]
[Date "2021.03.23"]
[Round "?"]
[White "maciek_92"]
[Black "Erow"]
[Result "1-0"]
[WhiteElo "2661"]
[BlackElo "2692"]
[PlyCount "107"]
[EventDate "2021.??.??"]
[EventType "blitz"]

1. e4 e5 2. Nf3 d5 3. Nc3 d4 4. Ne2 Nc6 5. Ng3 Nge7 6. c3 Ng6 7. Bb5 Bc5 8. d3
Bd7 9. h4 h6 10. h5 Nf4 11. Bxc6 Bxc6 12. Nxe5 Ne6 13. Nxc6 bxc6 14. c4 Bb4+
15. Kf1 O-O 16. Qg4 Qf6 17. Qf5 Be7 18. Qxf6 Bxf6 19. f4 Rab8 20. b3 Rfe8 21.
Bd2 Be7 22. Ke2 Bd6 23. Rhf1 f6 24. Nf5 Kf7 25. Nxd6+ cxd6 26. Kd1 d5 27. exd5
cxd5 28. Kc2 dxc4 29. bxc4 Nc5 30. Rfe1 Na4 31. Rab1 Nb6 32. Rxe8 Rxe8 33. Re1
Rc8 34. f5 Nd5 35. Re4 Ne7 36. g4 Nc6 37. Re6 Ne5 38. Rd6 Nxg4 39. Rd7+ Kg8 40.
Rxd4 Ne5 41. Rd5 Nf3 42. Bc3 Rc7 43. Kb3 Rb7+ 44. Rb5 Rd7 45. Rd5 Rb7+ 46. Kc2
Kf7 47. a4 Ke7 48. a5 Kf7 49. a6 Rc7 50. Rb5 Ke7 51. Rb7 Rd7 52. d4 Kd6 53.
Bb4+ Kc6 54. d5+ {Normal} 1-0

[Event "Rated Rapid game"]
[Site "?"]
[Date "2021.03.23"]
[Round "?"]
[White "kozkafa"]
[Black "Melladov"]
[Result "1-0"]
[WhiteElo "2403"]
[BlackElo "2587"]
[PlyCount "69"]
[EventDate "2021.??.??"]
[EventType "rapid"]

1. e4 e5 2. Nf3 d5 3. exd5 e4 4. Qe2 Nf6 5. d3 Qxd5 6. Nc3 Bb4 7. Nd2 Bxc3 8.
bxc3 O-O 9. dxe4 Qa5 10. Qe3 Nc6 11. Nb3 Qe5 12. f3 Re8 13. Be2 a5 14. O-O a4
15. Nd4 Bd7 16. Rb1 b6 17. Rd1 Qc5 18. Nb5 Qxe3+ 19. Bxe3 Rac8 20. c4 Be6 21.
Bf4 Re7 22. Nc3 Na5 23. Nd5 Rd7 24. Rb4 a3 25. Ra4 Nh5 26. Be3 f5 27. c5 fxe4
28. fxe4 Nf6 29. Nxf6+ gxf6 30. Rf1 Bxa2 31. Bg4 Rcd8 32. cxb6 cxb6 33. Bxb6
Nc4 34. Bxd8 Rxd8 35. Be6+ {Normal} 1-0

[Event "Rated Blitz game"]
[Site "?"]
[Date "2021.03.23"]
[Round "?"]
[White "Battlfuid"]
[Black "BraveHeartIndian"]
[Result "0-1"]
[WhiteElo "2346"]
[BlackElo "2472"]
[PlyCount "82"]
[EventDate "2021.??.??"]
[EventType "blitz"]

1. e4 e5 2. Nf3 d5 3. exd5 e4 4. Qe2 Nf6 5. d3 Qxd5 6. Nbd2 Bf5 7. dxe4 Nxe4 8.
Nh4 g6 9. Nxf5 gxf5 10. Qb5+ Qxb5 11. Bxb5+ c6 12. Bd3 Nd6 13. O-O Nd7 14. Re1+
Kd8 15. Nf3 Nc5 16. Bf1 Rg8 17. Bg5+ Kc7 18. Rad1 Nde4 19. Bf4+ Kb6 20. b4 Na4
21. Rd7 Bxb4 22. Rb1 a5 23. a3 Nec3 24. Rb3 c5 25. axb4 axb4 26. Rxf7 Ka7 27.
g3 Rad8 28. Bc4 Rge8 29. Ne5 Ka8 30. Ba6 Ne2+ 31. Kf1 bxa6 32. Nc6 Rd1+ 33. Kg2
Rg1+ 34. Kf3 Nd4+ 35. Nxd4 cxd4 36. Rxb4 Nc5 37. Bd6 Ne4 38. Rd7 Rf1 39. Ke2
Rxf2+ 40. Kd1 Nxd6 41. Rxd6 Ree2 {Time forfeit} 0-1

[Event "Rated Blitz tournament QMSGXhuI"]
[Site "?"]
[Date "2021.03.23"]
[Round "?"]
[White "ReinaldoDuran81"]
[Black "CaroyinixDiscomix"]
[Result "1-0"]
[WhiteElo "2240"]
[BlackElo "2428"]
[PlyCount "63"]
[EventDate "2021.??.??"]
[EventType "blitz"]

1. e4 e5 2. Nf3 d5 3. Nxe5 Bd6 4. d4 dxe4 5. Nc4 Nf6 6. Be2 h6 7. O-O O-O 8.
Nxd6 Qxd6 9. c4 Nc6 10. d5 Ne5 11. Nc3 a6 12. Be3 Re8 13. Bd4 Nfg4 14. g3 Qg6
15. Qd2 Nf3+ 16. Bxf3 exf3 17. Qf4 Qh5 18. h4 g5 19. Qxc7 gxh4 20. Rfe1 Bf5 21.
Qf4 h3 22. Qxf3 h2+ 23. Kh1 Qg6 24. Qf4 Rac8 25. b3 b5 26. c5 b4 27. Na4 Be4+
28. f3 Bxd5 29. Nb6 Bc6 30. Nxc8 Rxc8 31. Rad1 h5 32. Re2 {Time forfeit} 1-0

[Event "Rated Blitz game"]
[Site "?"]
[Date "2021.03.23"]
[Round "?"]
[White "vascodiogo17"]
[Black "Schachelite"]
[Result "1-0"]
[WhiteElo "2460"]
[BlackElo "2441"]
[PlyCount "91"]
[EventDate "2021.??.??"]
[EventType "blitz"]

1. e4 e5 2. Nf3 d5 3. d3 dxe4 4. dxe4 Qxd1+ 5. Kxd1 Bg4 6. Be2 Nc6 7. Be3
O-O-O+ 8. Nbd2 Nf6 9. h3 Bh5 10. Kc1 Bb4 11. c3 Ba5 12. Re1 Bg6 13. b4 Bb6 14.
Bxb6 axb6 15. Bc4 Rhe8 16. a4 Re7 17. g4 h6 18. Nh4 Rxd2 19. Kxd2 Nxe4+ 20. Kc2
Nxf2+ 21. Nxg6 fxg6 22. Re3 e4 23. Rf1 Nd3 24. Bxd3 exd3+ 25. Kxd3 Ne5+ 26. Kc2
Kd7 27. Rfe1 Kd6 28. c4 g5 29. Kb3 c5 30. bxc5+ bxc5 31. a5 Re6 32. Ka4 Re7 33.
Kb5 Re6 34. Rxe5 Rxe5 35. Rxe5 Kxe5 36. Kxc5 h5 37. Kb6 Kf4 38. c5 Kg3 39. a6
Kxh3 40. axb7 hxg4 41. b8=Q g3 42. Qh8+ Kg2 43. Qxg7 Kf1 44. Qxg5 g2 45. c6
g1=Q+ 46. Qxg1+ {Normal} 1-0

[Event "Rated Blitz game"]
[Site "?"]
[Date "2021.03.23"]
[Round "?"]
[White "kuperbash"]
[Black "SPITTING_COBRA_79"]
[Result "1-0"]
[WhiteElo "2413"]
[BlackElo "2394"]
[PlyCount "77"]
[EventDate "2021.??.??"]
[EventType "blitz"]

1. e4 e5 2. Nf3 d5 3. exd5 e4 4. Qe2 f5 5. Nc3 Nf6 6. d3 Bb4 7. dxe4 Bxc3+ 8.
bxc3 fxe4 9. c4 O-O 10. Ne5 c6 11. Bb2 cxd5 12. cxd5 Qxd5 13. Qc4 Be6 14. Rd1
Qxd1+ 15. Kxd1 Bxc4 16. Bxc4+ Kh8 17. Nf7+ Rxf7 18. Bxf7 Nbd7 19. h3 Rd8 20.
Ke2 Rf8 21. Bb3 Nc5 22. Rd1 Nxb3 23. cxb3 Rc8 24. Rd2 h6 25. Ke3 Re8 26. Bxf6
gxf6 27. Rd7 f5 28. Rxb7 Rd8 29. Rxa7 Rd3+ 30. Kf4 Rd2 31. Kxf5 Rxf2+ 32. Kxe4
Rxg2 33. Kf4 h5 34. a4 h4 35. Rb7 Rg3 36. a5 Rxh3 37. a6 Rh1 38. a7 Rf1+ 39.
Kg4 {Normal} 1-0